[Event "King's Gambit A"]
[Site "Lipetsk RUS"]
[Date "2007.07.01"]
[Round "13"]
[White "Zontakh,A"]
[Black "Gladyszev,O"]
[Result "1-0"]
[WhiteElo "2549"]
[BlackElo "2485"]

1.d4 Nf6 2.c4 g6 3.Nc3 Bg7 4.e4 d6 5.Nf3 O-O 6.Be2 e5 7.Be3 Ng4 8.Bg5 f6
9.Bh4 Nc6 10.d5 Ne7 11.Nd2 Nh6 12.f3 c5 13.dxc6 bxc6 14.b4 Kh8 15.Bf2 Nf7
16.Nb3 Bh6 17.Qd3 Be6 18.O-O f5 19.Rfd1 Qc7 20.a4 Rad8 21.b5 c5 22.Nd5 Nxd5
23.cxd5 Bc8 24.a5 Bd7 25.Nd2 Rb8 26.Rdb1 Rb7 27.Qc2 Rfb8 28.exf5 Bxf5 29.Ne4 Ng5
30.Bc4 Rf8 31.Qe2 Qd8 32.Bd3 Rbf7 33.b6 Bxe4 34.Bxe4 Nxe4 35.Qxe4 axb6 36.axb6 Rb7
37.Ra6 Bd2 38.Qa4 Bb4 39.Qc6 Qd7 40.Rba1 Kg7 41.Ra7  1-0

[Event "13th Open"]
[Site "Chambery FRA"]
[Date "2007.07.02"]
[Round "6"]
[White "Brunner,N"]
[Black "Gladyszev,O"]
[Result "1-0"]
[WhiteElo "2435"]
[BlackElo "2480"]

1.d4 Nf6 2.Nf3 g6 3.c4 Bg7 4.Nc3 O-O 5.e4 d6 6.Be2 e5 7.dxe5 dxe5 8.Qxd8 Rxd8
9.Bg5 Rf8 10.Nd5 Nxd5 11.cxd5 c6 12.Bc4 b5 13.Bb3 Bb7 14.Rc1 a5 15.a3 a4
16.Ba2 Rc8 17.Be3 b4 18.axb4 a3 19.bxa3 Rxa3 20.dxc6 Nxc6 21.Bd5 Nxb4 22.Bxb7 Rxe3+
23.Kd2 Rd3+ 24.Ke2 Rxc1 25.Rxc1 Rd7 26.Rc8+ Bf8 27.Bc6 Nxc6 28.Rxc6 Re7 29.g4 Kg7
30.Nd2 f6 31.Nc4 Kf7 32.Ne3 Bg7 33.Nd5 Ra7 34.Kf3 Ra3+ 35.Kg2 Ra7 36.f3 Rb7
37.Kg3 Ra7 38.h4 Rb7 39.h5 Ra7 40.g5 fxg5 41.hxg6+ hxg6 42.Kg4 Ra1 43.Kxg5 Rg1+
44.Kh4 Rh1+ 45.Kg3 Rg1+ 46.Kf2 Ra1 47.Rc7+ Kf8 48.Ne7 Ra6 49.Kg3 Re6 50.Nd5 Ra6
51.Rb7 Kg8 52.Nc7 Rc6 53.Kg4 Rf6 54.Nd5 Rf7 55.Rb6 Kh7 56.Re6 Kh6 57.Ne7 Bf6
58.Ng8+ Kg7 59.Nxf6 Rxf6 60.Rxe5 Ra6 61.Rd5 Ra1 62.Rd7+ Kf6 63.Kf4 g5+ 64.Kg3 Rg1+
65.Kf2 Ra1 66.Rd6+ Kf7 67.Kg2 Rb1 68.Kh3 Rg1 69.Rd2 Kf6 70.Rc2 Rh1+ 71.Kg3 Rg1+
72.Rg2 Rh1 73.Rh2 Rg1+ 74.Kf2 Ra1 75.Rh6+ Kg7 76.Rd6 Kf7 77.Kg2 Rb1 78.Rh6 Kg7
79.Rh1 Rb2+ 80.Kg3 Kg6 81.Rd1 Kh5 82.Re1 Rb3 83.Rh1+ Kg6 84.Kg4 Rb2 85.Re1 Rg2+
86.Kh3 Ra2 87.e5 Kf5 88.e6 Ra8 89.e7 Rh8+ 90.Kg3 Re8 91.Re2 Kg6 92.Kg4 Kf6
93.Re1 Kf7 94.Kf5 g4 95.fxg4  1-0

[Event "ch-IRL"]
[Site "Dublin IRL"]
[Date "2007.07.02"]
[Round "3"]
[White "Cafolla,P"]
[Black "Hebden,M"]
[Result "1/2-1/2"]
[WhiteElo "2034"]
[BlackElo "2519"]

1.d4 Nf6 2.c4 g6 3.Nc3 Bg7 4.e4 d6 5.Be2 O-O 6.Nf3 e5 7.d5 Na6 8.Bg5 h6 9.Bh4 g5
10.Bg3 Nxe4 11.Nxe4 f5 12.Nfd2 fxe4 13.Nxe4 Bf5 14.f3 g4 15.Bf2 gxf3 16.gxf3 Bxe4
17.fxe4 Rxf2 18.Kxf2 Qh4+ 19.Kg2 Qxe4+ 20.Kh3 Qe3+ 21.Kg2 e4 22.Rf1 Kh8 23.Bh5 Nb4
24.Rf5 Nd3 25.Qf1 Qd2+ 26.Kh1 Rg8 27.Rd1 Qxb2 28.Be2 Nc5 29.Rf7 Qe5 30.Qh3 Qg5
31.Rdf1 Na4 32.R7f4 Nc3 33.Rg4 Qe5 34.Rg6 Kh7 35.Rff6 Qxf6 36.Rxf6 Bxf6 37.Qf5+ Kg7
38.Bh5 Bg5 39.Qd7+  1/2-1/2

[Event "White Nights"]
[Site "St Petersburg RUS"]
[Date "2007.07.02"]
[Round "8"]
[White "Bebchuk,B"]
[Black "Barhudarian,R"]
[Result "1/2-1/2"]
[WhiteElo "2182"]
[BlackElo "2321"]

1.d4 Nf6 2.c4 d6 3.Nf3 Nbd7 4.Nc3 e5 5.e4 g6 6.Be2 Bg7 7.O-O O-O 8.Be3 Ng4
9.Bg5 f6 10.Bh4 Nh6 11.Qd2 c6 12.b4 g5 13.Nxg5 exd4 14.Ne6 dxc3 15.Qxd6 Qe8
16.Nxf8 Qxf8 17.Qg3 Qxb4 18.f4 Kh8 19.Qd3 Nf7 20.Rab1 Qa5 21.Be1 Nc5 22.Qf3 f5
23.e5 Ne4 24.Bd3 Qxa2 25.g4 Nxe5 26.fxe5 Bxe5 27.Qg2 Qxg2+ 28.Kxg2 b6 29.Rc1 Nc5
30.Bxf5 Bxf5 31.Rxf5 Nd3 32.Bxc3 Nxc1 33.Rxe5 Kg8 34.Re7 h6 35.h4 a5 36.h5 Kf8
37.Rh7 Re8 38.Rxh6 Re4 39.Rf6+ Ke7 40.Rg6 Ne2 41.Bf6+ Kf7 42.Kf3 Rf4+ 43.Kxe2 Rxf6
44.Rg5 a4 45.Kd3 a3 46.Kc3 Rf3+ 47.Kc2 Rf2+ 48.Kb1 Rh2 49.Rg6 Rb2+ 50.Ka1 Rg2
51.g5 b5 52.Rf6+ Ke7 53.Rxc6 Rxg5 54.h6 bxc4 55.h7 Rh5 56.Rxc4 Kf7  1/2-1/2

[Event "South African Open"]
[Site "Cape Town RSA"]
[Date "2007.07.03"]
[Round "8"]
[White "Solomon,M"]
[Black "Rubery,M"]
[Result "0-1"]
[WhiteElo "2193"]
[BlackElo "2250"]

1.Nf3 Nf6 2.c4 g6 3.Nc3 Bg7 4.e4 d6 5.d4 O-O 6.Be2 Na6 7.O-O e5 8.Be3 c6
9.dxe5 dxe5 10.Qxd8 Rxd8 11.h3 Nd7 12.Rfd1 Re8 13.Rab1 Nac5 14.b4 Ne6 15.a4 a5
16.b5 Bf8 17.Ng5 Nxg5 18.Bxg5 Bb4 19.Na2 Bc5 20.Be3 Bxe3 21.fxe3 Nc5 22.Nc3 Be6
23.bxc6 bxc6 24.Rd6 Rec8 25.Rb6 Bd7 26.Rd1 Rab8 27.Rdb1 Rxb6 28.Rxb6 Kf8
29.Kf2 Ke7 30.Ke1 Kd8 31.Rb1 Kc7 32.Rb2 Be6 33.Rc2 Rb8 34.Bf3 Rb3 35.Be2 Ra3
36.Nd5+ Kd6 37.Nc3 Nxa4 38.Nxa4 Rxa4 39.c5+ Kd7 40.Bd3 Rb4 41.Rc3 a4 42.Ra3 Rb3
43.Rxb3 Bxb3 44.Kd2 a3 45.Kc3 Be6 46.g4  0-1

[Event "13th Open"]
[Site "Chambery FRA"]
[Date "2007.07.03"]
[Round "7"]
[White "Campos Moreno,J"]
[Black "Stets,D"]
[Result "0-1"]
[WhiteElo "2446"]
[BlackElo "2390"]

1.d4 Nf6 2.c4 g6 3.Nc3 Bg7 4.e4 d6 5.Nf3 O-O 6.Be2 e5 7.Be3 Ng4 8.Bg5 f6
9.Bc1 Nc6 10.d5 Ne7 11.h3 Nh6 12.h4 c6 13.h5 Nf7 14.hxg6 hxg6 15.Qb3 Rb8
16.dxc6 Nxc6 17.Be3 Be6 18.Nd5 f5 19.O-O-O b5 20.cxb5 fxe4 21.Nh4 Nd4 22.Bxd4 exd4
23.Bc4 Rc8 24.Kb1 Rxc4 25.Qxc4 Qg5 26.Nxg6 Bxd5 27.Qxd5 Qxg6 28.Ka1 Re8 29.Qb7 e3
30.fxe3 dxe3 31.Rhe1 Qc2 32.Rb1 Qf2 33.Rec1 e2 34.Re1 Qd4 35.Qc6 Qe5 36.Qd7 d5
37.Qxa7 d4 38.Qa3 Qxb5  0-1

[Event "White Nights"]
[Site "St Petersburg RUS"]
[Date "2007.07.03"]
[Round "9"]
[White "Kostyuchenko,V"]
[Black "Kostin,S"]
[Result "0-1"]
[WhiteElo "2152"]
[BlackElo "2284"]

1.d4 Nf6 2.c4 g6 3.Nc3 Bg7 4.e4 d6 5.Be2 O-O 6.Nf3 e5 7.d5 a5 8.O-O Na6 9.Bg5 h6
10.Bh4 Qe8 11.Ne1 Bd7 12.Nd3 Nh7 13.a3 a4 14.Nb5 h5 15.f3 f5 16.exf5 gxf5
17.Qxa4 e4 18.Nf4 Bxb2 19.Rab1 Bd4+ 20.Kh1 e3 21.Qc2 Be5 22.Ne6 Bxe6 23.dxe6 Qxe6
24.f4 Bg7 25.Bxh5 c6 26.Bf3 Kh8 27.Rfd1 cxb5 28.Bxb7 bxc4 29.Rb6 e2 30.Re1 Nc5
31.Bxa8 Rxa8 32.Rxe2 Ne4 33.g4 Qd5 34.Kg1 fxg4 35.Qb1  0-1

[Event "Spring A"]
[Site "Volodarskij RUS"]
[Date "2007.07.03"]
[Round "9"]
[White "Makogonov,I"]
[Black "Tomilin,Ar"]
[Result "1/2-1/2"]
[WhiteElo "2379"]
[BlackElo "2365"]

1.d4 Nf6 2.c4 g6 3.Nf3 Bg7 4.Nc3 O-O 5.e4 d6 6.Be2 e5 7.dxe5 dxe5 8.Qxd8 Rxd8
9.Bg5 Re8 10.Nd5 Nxd5 11.cxd5 c6  1/2-1/2

[Event "Spring A"]
[Site "Volodarskij RUS"]
[Date "2007.07.03"]
[Round "10"]
[White "Nikolaenko,V"]
[Black "Sviridonov,S"]
[Result "1/2-1/2"]
[WhiteElo "2188"]
[BlackElo "2358"]

1.d4 Nf6 2.c4 g6 3.Nc3 Bg7 4.e4 d6 5.Nf3 O-O 6.Be2 e5 7.dxe5 dxe5 8.Qxd8 Rxd8
9.Nxe5 Nxe4 10.Nxe4 Bxe5 11.Bg5 Re8 12.Nf6+ Bxf6 13.Bxf6 Bg4 14.f3 Nd7 15.Bc3 Bf5
16.Kf2 Rad8 17.Rad1 Nc5 18.Rxd8 Rxd8 19.Re1 Be6 20.Be5 Nd3+ 21.Bxd3 Rxd3
22.b3 c6 23.Ke2  1/2-1/2

[Event "REDA"]
[Site "Brno CZE"]
[Date "2007.07.05"]
[Round "7"]
[White "Bartos,J"]
[Black "Kashlinskaya,A"]
[Result "0-1"]
[WhiteElo "2196"]
[BlackElo "2229"]

1.d4 Nf6 2.Nf3 g6 3.c4 Bg7 4.Nc3 O-O 5.e4 d6 6.Be2 Na6 7.O-O e5 8.Be3 Ng4
9.Bg5 Qe8 10.h3 exd4 11.Nxd4 Nf6 12.Re1 h6 13.Bxf6 Bxf6 14.Bf1 c6 15.Nf3 Qe7
16.Qd2 Kh7 17.Rad1 Rd8 18.e5 dxe5 19.Qxd8 Qxd8 20.Rxd8 Bxd8 21.Nxe5 Be6 22.Bd3 Nc5
23.Bc2 Ba5 24.Re3 Rd8 25.Nd3 Nxd3 26.Bxd3 Bb6 27.Rf3 Kg7 28.b3 Ba5 29.Ne2 Bc7
30.Kf1 b5 31.cxb5 cxb5 32.Nc3 b4 33.Ne2 a5 34.Ke1 a4 35.Be4 Be5 36.Re3 axb3
37.axb3 Bf6 38.Bc2 Bg5 39.f4 Bh4+ 40.g3 Bf6 41.h4 Ra8 42.Re4 Ra2 43.Kd1 Bc3
44.Nxc3 bxc3 45.Ra4 Rb2 46.Ra3 Bg4+ 47.Kc1 Bf5 48.Bxf5 gxf5 49.b4 Rxb4 50.Rxc3 Kg6
51.Rc6+ f6 52.Kd2 Rb3 53.h5+ Kxh5 54.Rxf6 Kg4 55.Rxh6 Kxg3 56.Ke2 Kxf4 57.Kf2 Rb2+
58.Kf1 Kg3 59.Ra6 f4 60.Ra8 Rb4 61.Ke2 f3+ 62.Kd2 f2 63.Rg8+ Kh4  0-1

[Event "13th Open"]
[Site "Chambery FRA"]
[Date "2007.07.05"]
[Round "9"]
[White "Campos Moreno,J"]
[Black "Zimmerman,Y"]
[Result "1-0"]
[WhiteElo "2446"]
[BlackElo "2354"]

1.d4 d6 2.Nf3 g6 3.c4 Bg7 4.Nc3 Nf6 5.e4 O-O 6.Be2 Nbd7 7.O-O e5 8.Qc2 Nh5
9.dxe5 dxe5 10.Bg5 f6 11.Be3 Nf4 12.c5 Nxe2+ 13.Qxe2 c6 14.b4 Qc7 15.Rfd1 Rd8
16.Qc4+ Kh8 17.Qf7 Rf8 18.Qe7 Qd8 19.Qd6 Re8 20.Nd2 Nf8 21.Nc4 Be6 22.Na5 Qxd6
23.cxd6 Reb8 24.Na4 Nd7 25.Nc5 Nxc5 26.bxc5 Bd7 27.Rab1 b6 28.cxb6 axb6 29.Rxb6 Rxb6
30.Bxb6 Rb8 31.Nc4 Bf8 32.h3 Ra8 33.Bc7 Rxa2 34.Nb6 Be6 35.d7 Bxd7 36.Nxd7 Be7
37.Bd6 Bd8 38.Bc5 Rc2 39.Nxe5  1-0

[Event "13th Open"]
[Site "Chambery FRA"]
[Date "2007.07.05"]
[Round "9"]
[White "Estremera Panos,S"]
[Black "Stets,D"]
[Result "1/2-1/2"]
[WhiteElo "2375"]
[BlackElo "2390"]

1.d4 Nf6 2.c4 g6 3.Nc3 Bg7 4.e4 d6 5.Nf3 O-O 6.Be2 e5 7.Be3 Ng4 8.Bg5 f6
9.Bc1 exd4 10.Nxd4 f5 11.h3 Nh6 12.exf5 Nxf5 13.Nxf5 gxf5 14.Be3 Nd7 15.Qd2 Nc5
16.Bd4 Qe7 17.Bxg7 Qxg7 18.O-O-O Be6 19.Qd4 Rae8 20.Qxg7+ Kxg7 21.b4 Ne4
22.Nxe4 fxe4 23.Rhf1  1/2-1/2

[Event "Spring A"]
[Site "Volodarskij RUS"]
[Date "2007.07.05"]
[Round "12"]
[White "Zargarian,R"]
[Black "Shpagin,V"]
[Result "0-1"]
[WhiteElo "2302"]
[BlackElo "2123"]

1.d4 Nf6 2.Nf3 g6 3.c4 Bg7 4.Nc3 O-O 5.e4 d6 6.Be2 Nbd7 7.O-O e5 8.d5 Nh5
9.Ne1 Nf4 10.Bf3 a5 11.Kh1 Nc5 12.g3 Nh3 13.Bg2 h5 14.Qc2 h4 15.Be3 b6 16.Nf3 Bf6
17.Qd2 Kh7 18.Rfe1 Rh8 19.Qe2 Kg7 20.Qf1 hxg3 21.fxg3 Bg4 22.Ng1 Ng5 23.Bxg5 Bxg5
24.Bh3 Bxh3 25.Nxh3 Bd2 26.Re2 Bxc3 27.bxc3 Qd7 28.Nf2 Rh5 29.Rd1 Rah8 30.h4 g5
31.Qh3 Qxh3+ 32.Nxh3 gxh4 33.g4 R5h6 34.Kg2 Rg8 35.Re3 Kf8 36.g5 Ke7 37.Kh2 Rhg6
38.Rf1 f6 39.gxf6+ Rxf6 40.Rxf6 Kxf6 41.Rf3+ Ke7 42.Nf2 a4 43.Rh3 Rf8 44.Kg2 Rf4
45.Rf3 a3 46.Rxf4 exf4 47.Nh3 Nxe4 48.Nxf4 Nxc3 49.Ng6+ Kf6 50.Nxh4 Nxa2  0-1

[Event "XXX Open"]
[Site "Barbera del Valles ESP"]
[Date "2007.07.06"]
[Round "1"]
[White "Mohota,N"]
[Black "Benedic,P"]
[Result "1-0"]
[WhiteElo "2332"]
[BlackElo "2053"]

1.d4 Nf6 2.c4 g6 3.Nc3 Bg7 4.e4 d6 5.Nf3 O-O 6.Be2 Nbd7 7.O-O e5 8.Be3 Ng4
9.Bg5 f6 10.Bd2 Nh6 11.Qc2 c6 12.Rad1 Qe7 13.Be3 Kh8 14.b4 b6 15.b5 Bb7 16.dxe5 dxe5
17.Qd2  1-0

[Event "REDA"]
[Site "Brno CZE"]
[Date "2007.07.06"]
[Round "9"]
[White "Bartos,J"]
[Black "Ponizil,C"]
[Result "1-0"]
[WhiteElo "2196"]
[BlackElo "2256"]

1.d4 Nf6 2.Nf3 g6 3.c4 Bg7 4.Nc3 O-O 5.e4 d6 6.Be2 Na6 7.O-O e5 8.Be3 Ng4
9.Bg5 Qe8 10.dxe5 dxe5 11.h3 f6 12.Bc1 Nh6 13.Rb1 Nf7 14.b4 f5 15.Nd5 c6
16.b5 cxd5 17.bxa6 dxe4 18.axb7 Bxb7 19.Rxb7 exf3 20.Bxf3 e4 21.Be2 Qc6 22.Qd7 Qxd7
23.Rxd7 Ne5 24.Rd5 Nc6 25.c5 Kh8 26.Bc4 Rac8 27.Ba6 Rcd8 28.Rxd8 Rxd8 29.Bb7 Nd4
30.Bg5 Rd7 31.c6 Rf7 32.Rd1 f4 33.Bd8 Ne6 34.Ba5 Be5 35.Bc8 Nd4 36.Bd7 e3
37.Rxd4 exf2+ 38.Kf1 Bxd4 39.c7 Rf8 40.c8=Q Rxc8 41.Bxc8 g5 42.Bc7 Kg7 43.g3 Be3
44.gxf4 gxf4 45.Bd8 h6 46.Bh4  1-0

[Event "Lake Sevan"]
[Site "Martuni ARM"]
[Date "2007.07.06"]
[Round "1"]
[White "Kotanjian,T"]
[Black "Vovk,Y"]
[Result "0-1"]
[WhiteElo "2560"]
[BlackElo "2523"]

1.d4 Nf6 2.c4 g6 3.Nc3 Bg7 4.e4 d6 5.Nf3 O-O 6.Be2 Na6 7.O-O e5 8.Be3 h6
9.dxe5 Ng4 10.Bd2 Nxe5 11.Nxe5 dxe5 12.Qc1 Kh7 13.Rd1 Qh4 14.g3 Qh3 15.Nd5 f5
16.Bf1 Qh5 17.exf5 Bxf5 18.Be3 Be4 19.Nc3 Bf3 20.Rd7 Bc6 21.Rd5 Bxd5 22.cxd5 e4
23.Bc4 Rae8 24.a3 Nb8 25.Be2 Qe5 26.Bf4 Qe7 27.Nb5 c6 28.d6 Qf6 29.Nc3 Nd7
30.Bg4 Qf7 31.Qc2 Bxc3 32.bxc3 Ne5 33.Bh3 Nd3 34.Be3 Qd5 35.d7 Re7 36.c4 Qh5
37.Kg2 Ref7 38.Rf1 Qa5 39.Qe2 Qxa3 40.Qg4 Qe7 41.Qe2 c5 42.Qa2 Nxf2 43.Rxf2 Rxf2+
44.Bxf2 e3 45.Be1 Qe4+ 46.Kg1 e2 47.Qd2 Rf1+  0-1

[Event "ch-SVK"]
[Site "Banska Stiavnica SVK"]
[Date "2007.07.07"]
[Round "1"]
[White "Meszaros,Mi"]
[Black "Markos,J"]
[Result "1/2-1/2"]
[WhiteElo "2359"]
[BlackElo "2559"]

1.d4 Nf6 2.c4 g6 3.Nc3 Bg7 4.e4 O-O 5.Be2 d6 6.Nf3 e5 7.O-O Na6 8.Be3 Ng4
9.Bg5 f6 10.Bh4 Nh6 11.Rc1 Kh8 12.a3 g5 13.Bg3 g4 14.Ne1 exd4 15.Qxd4 f5
16.Qe3 fxe4 17.Nxe4 Nf5 18.Qd2 Nd4 19.Rd1 Nxe2+ 20.Qxe2 Bf5 21.Nd3 Qe7 22.Nc3 Qxe2
23.Nxe2 Rae8 24.Nef4 Nc5 25.b4 Ne4 26.Nd5 c6 27.Ne3 Bc8 28.Nc1 Rf6 29.Ne2 Bh6
30.Bh4 Rf7 31.Rd3 Ref8 32.Nc3 Nxc3 33.Rxc3 Be6 34.Bg3 Bxe3 35.Rxe3 Bxc4 36.Bxd6 Rd8  1/2-1/2

[Event "XXX Open"]
[Site "Barbera del Valles ESP"]
[Date "2007.07.07"]
[Round "2"]
[White "Jovanic,O"]
[Black "Motoc,A"]
[Result "1-0"]
[WhiteElo "2491"]
[BlackElo "2289"]

1.d4 Nf6 2.c4 g6 3.Nc3 Bg7 4.e4 d6 5.Nf3 O-O 6.Be2 e5 7.Be3 Ng4 8.Bg5 f6
9.Bc1 f5 10.exf5 exd4 11.Bg5 Qe8 12.Nd5 d3 13.Qxd3 Bxf5 14.Qd2 Rf7 15.O-O Nc6
16.Rad1 Qe4 17.Ne3 Nxe3 18.Bxe3 Qc2 19.Qxc2 Bxc2 20.Rd2 Bf5 21.c5 Kh8 22.cxd6 cxd6
23.Rfd1 d5 24.b3 Bc3 25.Rxd5 Nb4 26.Rd8+ Rxd8 27.Rxd8+ Kg7 28.Bc4 Rf8 29.Bh6+ Kxh6
30.Rxf8 Nxa2 31.Rf7 Be4 32.Re7 Bc6 33.Bg8 g5 34.Ne5 Bxe5 35.Rxe5 Nc1 36.Bc4  1-0

[Event "Kaupthing Open"]
[Site "Differdange LUX"]
[Date "2007.07.07"]
[Round "1"]
[White "Feller,S"]
[Black "Stull,N"]
[Result "1-0"]
[WhiteElo "2478"]
[BlackElo "2134"]

1.d4 Nf6 2.c4 g6 3.Nc3 Bg7 4.e4 d6 5.Nf3 O-O 6.Be2 e5 7.Be3 Nc6 8.d5 Ne7
9.Nd2 Nd7 10.Qc2 f5 11.f3 Nf6 12.O-O-O fxe4 13.fxe4 Ng4 14.Bxg4 Bxg4 15.Rdf1 c6
16.Rxf8+ Qxf8 17.h3 Bh6 18.Rf1 Bxe3 19.Rxf8+ Rxf8 20.Qd3 Bxd2+ 21.Kxd2 Bc8
22.Qe3 cxd5 23.cxd5 a6 24.Qb6 Rf6 25.Qd8+ Kf7 26.Ke2 b5 27.b4 g5 28.a4 g4
29.axb5 gxh3 30.gxh3 axb5 31.Nxb5 Ba6 32.Qb6 Bxb5+ 33.Qxb5 Ng6 34.Qd7+ Kg8
35.b5 Nf4+ 36.Kd2 Rg6 37.b6  1-0

[Event "Lake Sevan"]
[Site "Martuni ARM"]
[Date "2007.07.07"]
[Round "2"]
[White "Pashikian,A"]
[Black "Grigoryan,Av"]
[Result "1-0"]
[WhiteElo "2538"]
[BlackElo "2455"]

1.d4 Nf6 2.Nf3 g6 3.c4 Bg7 4.Nc3 O-O 5.e4 d6 6.Be2 e5 7.O-O Na6 8.Re1 Qe8
9.Bg5 Bg4 10.d5 Nh5 11.Nd2 Bxe2 12.Nxe2 f5 13.Ng3 Nxg3 14.fxg3 Nc5 15.Qe2 c6
16.Be3 Nxe4 17.Nxe4 fxe4 18.Rad1 c5 19.Qg4 a5 20.Qxe4 b5 21.b3 Qd7 22.g4 Rab8
23.h4 bxc4 24.bxc4 Rb2 25.Rd2 Rxd2 26.Bxd2 Qa4 27.h5 Qxa2 28.Be3 Qb3 29.hxg6 hxg6
30.Qxg6 Qc3 31.Bf2 Qxc4 32.Qe6+ Kh7 33.Qxd6 Qxg4 34.Qxc5 a4 35.d6 e4 36.Qc2 a3
37.Rxe4 Qf5 38.d7 Kg8 39.d8=Q Rxd8 40.Re8+ Rxe8 41.Qxf5 Re2 42.Qd5+  1-0

[Event "Canadian Open"]
[Site "Ottawa CAN"]
[Date "2007.07.07"]
[Round "1"]
[White "Mikhalevski,V"]
[Black "Simic,Du"]
[Result "1-0"]
[WhiteElo "2598"]
[BlackElo "2278"]

1.d4 g6 2.c4 Nf6 3.Nc3 Bg7 4.e4 d6 5.Be2 Nbd7 6.Nf3 O-O 7.O-O e5 8.Be3 Ng4
9.Bg5 f6 10.Bh4 Nh6 11.dxe5 dxe5 12.a3 Nf7 13.b4 c6 14.Qb3 Re8 15.c5 Nf8
16.Rad1 Qe7 17.Rfe1 Kh8 18.Bc4 Be6 19.Nd5 cxd5 20.exd5 g5 21.Bg3 Nd8 22.dxe6 Ndxe6
23.h4 g4 24.Nh2 h5 25.Qb1 Bh6 26.Rd6 Ng7 27.Rxe5 Qxe5 28.Bxe5 Rxe5 29.Rxf6 Bd2
30.Nf1  1-0

[Event "Canadian Open"]
[Site "Ottawa CAN"]
[Date "2007.07.07"]
[Round "1"]
[White "Sambuev,B"]
[Black "Davies,A"]
[Result "1-0"]
[WhiteElo "2482"]
[BlackElo "2187"]

1.Nf3 Nf6 2.c4 g6 3.Nc3 Bg7 4.e4 d6 5.d4 O-O 6.Be2 e5 7.O-O exd4 8.Nxd4 Nc6
9.Be3 Re8 10.f3 Nh5 11.Qd2 Nf4 12.Nxc6 Nxe2+ 13.Nxe2 bxc6 14.Bd4 Bxd4+ 15.Nxd4 c5
16.Ne2 Be6 17.b3 a5 18.Nc3 a4 19.e5 dxe5 20.Qxd8 Rexd8 21.Nxa4 Bxc4 22.Rfc1 Bb5
23.Nxc5 Ra3 24.Ne4 c6 25.Nc3 Rda8 26.Re1 f6 27.Rad1 R8a7 28.Rd8+ Kg7 29.Red1 Re7
30.R1d2 f5 31.Kf2 e4 32.fxe4 fxe4 33.Ke3 Bd3 34.Rc8 Ra5 35.Rxc6 Rh5 36.h3 Rf5
37.Rd6 Rf1 38.Rd1 Rxd1 39.Nxd1 Rc7 40.Nf2 Bb1 41.Nxe4 Bxa2 42.Nd2 Rb7 43.Rd3 Kf6
44.Rc3 Ke5 45.Kd3 Kf4 46.Kc2 Re7 47.g3+ Kg5 48.Kb2 Ra7 49.Rc5+ Kf6 50.Ne4+ Ke6
51.Nc3 Bxb3 52.Kxb3 Ra1 53.Ne4 Re1 54.Ng5+ Kd6 55.Rc3 h5 56.Kc4 Rh1 57.Kd4 Ke7
58.Ke5 Re1+ 59.Ne4 g5 60.Kf5 g4 61.hxg4 hxg4 62.Ng5  1-0

[Event "ChIP"]
[Site "Paris FRA"]
[Date "2007.07.07"]
[Round "1"]
[White "Shchekachev,A"]
[Black "Toulzac,PY"]
[Result "1-0"]
[WhiteElo "2541"]
[BlackElo "2312"]

1.Nf3 d6 2.d4 Nf6 3.c4 g6 4.Nc3 Bg7 5.e4 O-O 6.Be2 Na6 7.O-O e5 8.Be3 Ng4
9.Bg5 Qe8 10.h3 h6 11.Bh4 Nf6 12.Bxf6 Bxf6 13.c5 exd4 14.Nd5 Bd8 15.cxd6 Qxe4
16.Bc4 cxd6 17.Re1 Qf5 18.Rc1 Nc7 19.Nxd4 Qg5 20.Nf3 Qf5 21.Ne7+ Bxe7 22.Rxe7 Ne6
23.Qxd6 Qf4 24.Qxf4 Nxf4 25.Ne5 Be6 26.Bxe6 Ne2+ 27.Kf1 Nxc1 28.Bxf7+ Kg7
29.Bd5+ Kf6 30.Re6+ Kg7 31.Rxg6+ Kh7 32.Be4 Kh8 33.Rxh6+  1-0

[Event "Kotov Mem"]
[Site "Tula RUS"]
[Date "2007.07.07"]
[Round "11"]
[White "Domogaev,S"]
[Black "Zakharevich,I"]
[Result "1/2-1/2"]
[WhiteElo "2383"]
[BlackElo "2463"]

1.Nf3 Nf6 2.d4 g6 3.c4 Bg7 4.Nc3 O-O 5.e4 d6 6.Be2 e5 7.O-O Qe8 8.d5 a5 9.Ne1 Na6
10.Nd3 Nd7 11.Be3 f5 12.f3 f4 13.Bf2 Ndc5 14.a3 Nxd3 15.Qxd3 Qe7  1/2-1/2

[Event "Kotov Mem"]
[Site "Tula RUS"]
[Date "2007.07.07"]
[Round "12"]
[White "Zakharevich,I"]
[Black "Kuzin,A"]
[Result "1/2-1/2"]
[WhiteElo "2463"]
[BlackElo "2461"]

1.d4 Nf6 2.c4 g6 3.Nc3 Bg7 4.e4 d6 5.Nf3 O-O 6.Be2 e5 7.dxe5 dxe5 8.Qxd8 Rxd8
9.Bg5 Re8 10.Nd5 Nxd5 11.cxd5 c6 12.Bc4 cxd5 13.Bxd5 Nd7 14.Nd2 Nc5 15.O-O-O Ne6
16.Be3 Nf4 17.Bxf4 exf4 18.f3 Be6 19.Bxe6 Rxe6 20.Nb3  1/2-1/2

[Event "Open"]
[Site "Banska Stiavnica SVK"]
[Date "2007.07.08"]
[Round "2"]
[White "Mateuta,G"]
[Black "Vukovic,Ivo"]
[Result "1-0"]
[WhiteElo "2487"]
[BlackElo "2230"]

1.d4 Nf6 2.Nf3 d6 3.c4 Nbd7 4.Nc3 e5 5.e4 g6 6.Be2 Bg7 7.O-O O-O 8.Re1 Re8
9.Bf1 c6 10.Rb1 a5 11.b3 Qc7 12.d5 c5 13.Nb5 Qb8 14.Nh4 Ra6 15.g3 Nf8 16.Qd3 Bd7
17.Nc3 Qd8 18.a3 Ra8 19.Bd2 Nh5 20.Nb5 Bxb5 21.cxb5 Nd7 22.Bh3 Rf8 23.Nf3 h6
24.Be3 Nhf6 25.Nd2 Nb6 26.Rec1 Nfd7 27.Rc2 Kh7 28.Rf1 h5 29.f4 exf4 30.gxf4 Nf6
31.Nf3 Re8 32.Ng5+ Kg8 33.f5 gxf5 34.Rxf5 Nbd7 35.Rg2 Ne5 36.Qe2 Qe7 37.Bf4 Ng6
38.Bxd6 Qxd6 39.Nxf7 Kxf7 40.Qxh5 Ke7 41.Qxg6 Ng8  1-0

[Event "XXX Open"]
[Site "Barbera del Valles ESP"]
[Date "2007.07.08"]
[Round "3"]
[White "Czakon,J"]
[Black "Perpinya Rofes,L"]
[Result "0-1"]
[WhiteElo "2505"]
[BlackElo "2400"]

1.d4 Nf6 2.c4 g6 3.Nc3 Bg7 4.e4 d6 5.Nf3 O-O 6.Be2 Na6 7.O-O e5 8.Re1 c6
9.Bf1 exd4 10.Nxd4 Ng4 11.h3 Qb6 12.hxg4 Qxd4 13.g5 Nc5 14.Qf3 Qe5 15.Bf4 Qe7
16.Rad1 Be5 17.Qg3 f6 18.gxf6 Rxf6 19.Bxe5 Qxe5 20.b4 Nd7 21.c5 Qxg3 22.fxg3 Ne5
23.Rxd6 Rxd6 24.cxd6 Bg4 25.Be2 Bxe2 26.Nxe2 Kf7 27.Rd1 Ke6 28.b5 Kd7 29.Nd4 Re8
30.a4 Nf7 31.a5 cxb5 32.Nxb5 Re5 33.Rb1 a6 34.Nc3 Nxd6 35.Ra1 Kc6 36.Ra4 Rc5
37.Nd5 Rc4 38.Ra1 Nxe4 39.Nb6 Rc2 40.Kh2 Rc5 41.g4 Nd2 42.Ra3 Nc4 43.Nxc4 Rxc4
44.Kh3 b5 45.axb6 Kxb6 46.Rb3+ Kc6 47.Rb8 a5 48.Rh8 Kb5 49.Kh4 Rc6 50.Kg5 a4
51.Rxh7 a3 52.Rh1 Ka4 53.Kh6  0-1

[Event "Kaupthing Open"]
[Site "Differdange LUX"]
[Date "2007.07.08"]
[Round "3"]
[White "Steingrimsson,H"]
[Black "Bojkov,D"]
[Result "1/2-1/2"]
[WhiteElo "2470"]
[BlackElo "2520"]

1.d4 Nf6 2.c4 g6 3.Nc3 Bg7 4.e4 O-O 5.Nf3 d6 6.Be2 Na6 7.O-O e5 8.Be3 Ng4
9.Bg5 Qe8 10.c5 h6 11.Bh4 exd4 12.Nxd4 dxc5 13.Nb3 c4 14.Bxc4 Nb4 15.a3 Nc6
16.Be2 Nf6 17.Qc2 Be6 18.f3 Nh5 19.Rfd1 Nf4 20.Bf1 Bxb3 21.Qxb3 Nd4 22.Qxb7 Qe5
23.Nd5 g5 24.Nxf4 gxh4 25.Nd3 Qg5 26.f4 Qg4 27.e5 h3 28.Kh1 Nc2 29.gxh3 Qf5
30.Rac1 Ne3 31.Rd2 Rad8 32.Qf3 Nxf1 33.Rxf1 Rd4 34.Qg4 Qxg4 35.hxg4 Rfd8
36.Rf3 c5 37.b3 a5 38.a4 c4 39.bxc4 Rxc4 40.Kg2 Rxa4 41.Re2 Rad4 42.Nc5 Bf8
43.Nb7  1/2-1/2

[Event "ch-BEL Expert"]
[Site "Namur BEL"]
[Date "2007.07.08"]
[Round "9"]
[White "Laurent,B"]
[Black "Decoster,F"]
[Result "0-1"]
[WhiteElo "2399"]
[BlackElo "2174"]

1.d4 Nf6 2.c4 g6 3.Nc3 Bg7 4.e4 d6 5.Nf3 O-O 6.Be2 e5 7.Be3 Ng4 8.Bg5 f6
9.Bc1 Nc6 10.d5 Ne7 11.h3 Nh6 12.h4 c6 13.h5 g5 14.Nh2 a6 15.a4 Nf7 16.g4 a5
17.dxc6 bxc6 18.Nf1 Be6 19.Ne3 Qb6 20.O-O Rfd8 21.Qd3 Rd7 22.Rd1 Nd8 23.Nf5 Nb7
24.Be3 Qc7 25.Rac1 Bf8 26.Qd2 Qb8 27.Qc2 Bf7 28.Rd2 Nxf5 29.gxf5 Qc7 30.Rcd1 Rdd8
31.b3 Be7 32.Bf3 Kf8 33.Ne2 h6 34.Nc1 Nc5 35.b4 axb4 36.Bxc5 dxc5 37.Rxd8+ Rxd8
38.Rxd8+ Bxd8 39.Nb3 Qa7 40.a5 Bxa5 41.Qa2 Bxc4 42.Qxa5 Qxa5 43.Nxa5 Bd3  0-1

[Event "Open A"]
[Site "Oberwart AUT"]
[Date "2007.07.08"]
[Round "2"]
[White "Jacob,V"]
[Black "Gofshtein,Z"]
[Result "1/2-1/2"]
[WhiteElo "2262"]
[BlackElo "2541"]

1.d4 d6 2.Nf3 Nf6 3.c4 g6 4.Nc3 Bg7 5.e4 O-O 6.Be2 Na6 7.O-O e5 8.a3 exd4
9.Nxd4 c6 10.Be3 Re8 11.f3 d5 12.cxd5 cxd5 13.Bxa6 bxa6 14.e5 Nd7 15.f4 Nb6
16.Bf2 Bb7 17.b3 Qe7 18.Nce2 Nd7 19.b4 Nb6 20.Nf3 Nc4 21.Ned4 Bh6 22.g3 Bc8
23.Re1 Bg4 24.Qd3 Rac8 25.f5 Qd7 26.e6 fxe6 27.fxe6 Qd6 28.Kg2 Bg7 29.Ra2 Bxe6
30.Nxe6 Rxe6 31.Bc5 Qc6 32.Rxe6 Qxe6 33.Re2 Qf5 34.Qxf5 gxf5 35.Re7 Bf8 36.Rxa7 Bxc5
37.bxc5 Ne3+ 38.Kf2 Ng4+  1/2-1/2

[Event "Canadian Open"]
[Site "Ottawa CAN"]
[Date "2007.07.08"]
[Round "2"]
[White "Gardner,R"]
[Black "Kaminski,T"]
[Result "1-0"]
[WhiteElo "2207"]
[BlackElo "1932"]

1.d4 Nf6 2.c4 g6 3.Nc3 Bg7 4.e4 d6 5.Nf3 O-O 6.Be2 e5 7.d5 Na6 8.h4 h6 9.Ng1 Nc5
10.f3 Nh5 11.g4 Nf4 12.Kf2 Bf6 13.Kg3 a5 14.Be3 b6 15.Bf1 Ba6 16.b3 Kg7 17.Qd2 Rh8
18.Nge2 Ncd3 19.Nc1 Nxc1 20.Rxc1 Bc8 21.Ne2 Nxe2+ 22.Bxe2 g5 23.hxg5 hxg5
24.Rxh8 Kxh8 25.Rh1+ Kg7 26.Rh5 Kg6 27.Qc1 Bd7 28.Qh1 Kg7 29.Rh7+ Kg8 30.Qh5 Bg7
31.Bxg5 f6 32.Rxg7+ Kxg7 33.Qh6+ Kf7 34.Qh7+ Ke8 35.Qg6+  1-0